000 00822nam a2200253 a 4500
001 55403
003 BD-RjUL
005 20211209080248.0
008 161117s1964 us a|||| |||| 001 0 eng d
035 _a(BD-RjUL)55526
040 _dBD-RjUL
_aBD-RjUL
_beng
_cBD-RjUL
041 _aeng
082 _223
_a621.381
_bRYE 1965
100 1 _aRyder, John Douglas.
_d1907-
_9160218
245 1 0 _aElectronic fundamentals and applications /
_cby John D. Ryder.
250 _a3rd ed.
260 _aUnited States of America :
_bPrentice-Hall,
_cc1964 [printing 1965].
300 _axv, 693 p. :
_bill. ;
_c22 cm.
500 _aIncludes index.
650 0 _aElectronics.
_9165027
856 _3Prentice-Hall series in electrical engineering
942 _2ddc
_cBK
999 _c55403
_d55403